Musique - Artistes américains de A à Z - Statistiques

Statistiques générales
  • Ce quiz a été pris 1 097 fois
  • Le résultat moyen est 14 sur 26
Statistiques - réponses
Chansons Artiste ou groupe % Correct
B Halo, Crazy in Love, Texas Hold'em Beyoncé
92%
J Billie Jean, Beat It, Smooth Criminal Michael Jackson
92%
R We Found Love, Umbrella, Diamonds Rihanna
92%
W Blinding Lights, Starboy, Die For You The Weeknd
86%
E Lose Yourself, Without Me, Till I Collapse Eminem
84%
I Believer, Demons, Radioactive Imagine Dragons
83%
S Cruel Summer, Blank Space, Shake it Off Taylor Swift
81%
N Smells Like Teen Spirit, Come As You Are, Heart-Shaped Box Nirvana
74%
C I Like It, WAP, Bodak Yellow Cardi B
68%
H I Wanna Dance With Somebody, Higher Love, I Will Always Love You Whitney Houston
63%
T Stressed Out, Heathens, Ride Twenty One Pilots
62%
U Yeah!, DJ Got Us Fallin' In Love, My Boo Usher
58%
X Sad!, Jocelyn Flores, Moonlight XXXTentacion
55%
A Dream On, I Don't Want to Miss a Thing, Walk This Way Aerosmith
54%
P Can’t Help Falling in Love, Suspicious Minds, Jailhouse Rock Elvis Presley
53%
L In the End, Numb, What I've Done Linkin Park
51%
M Enter Sadman, Nothing Else Matters, Master Of Puppets Metallica
49%
G Basket Case, American Idiot, Boulevard of Broken Dreams Green Day
44%
D Knockin' On Heaven's Door, Like a Rolling Stone, Hurricane Bob Dylan
41%
Z La Grange, Sharp Dressed Man, Gimme All Your Lovin ZZ Top
27%
O The Kids Aren't Alright, You’re Gonna Go Far Kid, Self Esteem The Offspring
22%
V Jump, Panama, Runnin’ With the Devil Van Halen
22%
F Everlong, The Pretender, Best of You Foo Fighters
20%
Y pick up the phone, Go Crazy, Trance Young Thug
16%
K Freak on a Leash, Coming Undone, Falling Away from Me Korn
9%
Q No One Knows, Go with the Flow, Make It Wit Chu Queens of the Stone Age
9%
Aucun quiz correspondant
Distribution des résultats
% des personnes avec chaque résultat
Percentile par nombre de réponses
Votre historique - résultats
Vous n’avez pas pris ce quiz